[Event "29th World Junior Girls"]
[Site "Chennai IND"]
[Date "2011.08.03"]
[Round "2"]
[White "Saranya,J"]
[Black "Sithalatchumi,A"]
[Result "1-0"]
[WhiteElo "2121"]
[BlackElo "1939"]
[EventDate "2011.08.02"]

1. e4 e6 2. Nf3 d5 3. Nc3 Nf6 4. e5 Nfd7 5. d4 c5 6. dxc5 Nc6 7. Bf4 a6 8.
a3 Bxc5 9. Bd3 Be7 10. h4 Nc5 11. Qd2 f5 12. exf6 Bxf6 13. O-O-O Qa5 14.
Bd6 Bd7 15. Bxc5 Qxc5 16. Na4 Qa7 17. Ng5 Ne5 18. Nc3 h6 19. Nf3 Nxf3 20.
Bg6+ Kd8 21. gxf3 Qc5 22. Ne4 Qe7 23. Qa5+ Kc8 24. Nc5 Qd8 25. Qxd8+ Rxd8
26. Bf7 b6 27. Nxe6 Bxe6 28. Bxe6+ Kb8 29. Bxd5 Ra7 30. h5 b5 31. b3 Be7
32. Kb2 Bf6+ 33. Ka2 Re7 34. Be4 Red7 35. Bd3 Rd5 36. Rde1 Ka7 37. Re4 Kb6
38. a4 Rd4 39. Rhe1 b4 40. Re6+ R8d6 41. Re8 a5 42. Ra8 R4d5 43. Ree8 Bd8
44. Ra6+ Kb7 45. Rxd6 Rxd6 46. Re5 Kb6 47. Kb1 Rc6 48. Rd5 Bc7 49. Rb5+ Ka7
50. Be4 Rc3 51. Rb7+ Ka6 52. Kc1 Be5 53. Kd1 Bc7 54. Rb5 Bb6 55. Rf5 Rc5
56. Rf7 Rc7 57. Rf5 Rc5 58. Bd5 Ka7 59. f4 Rc7 60. Bc4 Rc5 61. Rf7+ Rc7 62.
Rf5 Rc5 63. Bd5 Rc7 64. Bf3 Rc5 65. Rf8 Bc7 66. Rf7 Kb6 67. Rxg7 Bxf4 68.
Rf7 Bg5 69. Be2 Rc7 70. Rf8 Rc5 71. f4 Bh4 72. f5 Rd5+ 73. Bd3 Rd6 74. Ke2
Bg5 75. Kf3 Kc5 76. Ra8 Bd8 77. Ke4 Bc7 78. Rc8 Kb6 79. Rf8 Kc5 80. f6 Re6+
81. Kf5 Re3 82. f7 Kd6 83. Rd8+ Bxd8 84. f8=Q+ Be7 85. Qxh6+ Kd7 86. Qxe3
Ke8 1-0

[Event "29th World Junior Girls"]
[Site "Chennai IND"]
[Date "2011.08.03"]
[Round "2"]
[White "Gevorgyan,M"]
[Black "Shetye,Si"]
[Result "1-0"]
[WhiteElo "2068"]
[BlackElo "1890"]
[EventDate "2011.08.02"]

1. e4 e5 2. Nf3 Nc6 3. Bc4 Nf6 4. Ng5 d5 5. exd5 Na5 6. Bb5+ c6 7. dxc6
bxc6 8. Bd3 Nd5 9. Ne4 Be7 10. Nbc3 Nf4 11. Bf1 O-O 12. d4 f5 13. Ng3 exd4
14. Bxf4 dxc3 15. Qxd8 Rxd8 16. bxc3 Bf6 17. Bd2 Re8+ 18. Kd1 f4 19. Ne2 g5
20. Nd4 Bg4+ 21. f3 Bh5 22. h4 g4 23. fxg4 Bxg4+ 24. Kc1 Rad8 25. Nb3 Nxb3+
26. axb3 Be2 27. Ra4 Bxf1 28. Rxf1 Re2 29. Bxf4 Bxc3 30. Rc4 Bg7 31. Rxc6
Rxg2 32. h5 Rf8 33. Rc4 Be5 34. Rf3 Rg1+ 35. Kd2 Rg2+ 36. Ke3 Bxf4+ 37.
Rfxf4 Rg3+ 38. Ke4 Re8+ 39. Kf5 Rf8+ 40. Ke6 Re8+ 41. Kd7 Rge3 42. Rg4+ Kh8
43. Rg5 R3e6 44. Rc7 Re2 45. c4 R2e7+ 46. Kd6 Re6+ 47. Kd5 Rb6 48. Rgg7
Rd8+ 49. Kc5 Rh6 50. Rg5 Rg8 51. Rxg8+ Kxg8 52. Rxa7 Rxh5+ 53. Kb6 Rh6+ 54.
Kb5 Rf6 55. c5 1-0

[Event "29th World Junior Girls"]
[Site "Chennai IND"]
[Date "2011.08.03"]
[Round "2"]
[White "Savant,R"]
[Black "Edes,Z"]
[Result "0-1"]
[WhiteElo "1743"]
[BlackElo "2067"]
[EventDate "2011.08.02"]

1. d4 Nf6 2. Nf3 e6 3. g3 d5 4. Bg2 Nbd7 5. Nbd2 Bd6 6. O-O O-O 7. c4 c6 8.
Qc2 e5 9. cxd5 Nxd5 10. Nc4 Qe7 11. Rd1 Bc7 12. Nfxe5 Nxe5 13. dxe5 Bxe5
14. Bxd5 cxd5 15. Rxd5 Bc7 16. Be3 b6 17. Rad1 Be6 18. R5d4 Rac8 19. Qd3 b5
20. Nd6 Bxd6 21. Rxd6 Bc4 22. Qd2 Bxa2 23. Rd7 Qe4 24. Rxa7 Rc2 25. Qd6 Bb3
26. Rd3 Qe6 27. Bc5 Rc1+ 28. Kg2 Qe4+ 29. Rf3 Re8 30. Be3 Rd1 31. Qc7 Qb1
32. Rxf7 Rg1+ 33. Kh3 Be6+ 34. Kh4 Qe4+ 35. Qf4 g5+ 36. Kxg5 Qg6+ 37. Kh4
Bxf7 38. g4 Re4 39. Ra8+ Be8 40. f3 Rxf4 41. Bxf4 Rb1 42. g5 Rg1 43. Ra7
Qh5+ 0-1

[Event "29th World Junior Girls"]
[Site "Chennai IND"]
[Date "2011.08.03"]
[Round "2"]
[White "Pratyusha,B"]
[Black "Supriya,J"]
[Result "1/2-1/2"]
[WhiteElo "2064"]
[BlackElo "1829"]
[EventDate "2011.08.02"]

1. e4 c6 2. d4 d5 3. e5 Bf5 4. h4 h5 5. c4 e6 6. Nc3 Nd7 7. Nge2 dxc4 8.
Ng3 Ne7 9. Bxc4 Nb6 10. Be2 Bg6 11. Bg5 Qd7 12. Nce4 Bxe4 13. Nxe4 Nf5 14.
Bxh5 Bb4+ 15. Kf1 Qxd4 16. Qxd4 Nxd4 17. Bg4 Nc4 18. Rd1 Nb5 19. Rh3 Nxe5
20. Be2 Be7 21. Bf4 Ng6 22. Bh2 Rxh4 23. Rxh4 Nxh4 24. a4 f5 25. axb5 fxe4
26. Rd4 c5 27. Rxe4 Nf5 28. Rxe6 Nd4 29. Bh5+ Kd7 30. Re3 Rh8 31. Bg4+ Kd8
32. Kg1 Bf6 33. Rd3 Re8 34. Bb8 Re1+ 35. Kh2 Be5+ 36. Bxe5 Rxe5 37. b4 b6
38. f4 Rd5 39. Be6 Rd6 40. f5 1/2-1/2

[Event "29th World Junior Girls"]
[Site "Chennai IND"]
[Date "2011.08.03"]
[Round "2"]
[White "Narenthran,Savithri"]
[Black "Michelle Catherina,P"]
[Result "0-1"]
[WhiteElo "1693"]
[BlackElo "2052"]
[EventDate "2011.08.02"]

1. e4 e5 2. Nf3 Nc6 3. Bb5 Nge7 4. O-O g6 5. d4 exd4 6. Nxd4 Bg7 7. Be3 O-O
8. Nc3 d5 9. exd5 Nb4 10. Qd2 Nbxd5 11. Nxd5 Nxd5 12. Bh6 Bxh6 13. Qxh6 a6
14. Bd3 Nb4 15. Nf3 Qf6 16. Ng5 Qg7 17. Qxg7+ Kxg7 18. Rad1 Nxd3 19. Rxd3
Bf5 20. Rd2 Rad8 21. Rfd1 Rxd2 22. Rxd2 Re8 23. Kf1 c5 24. c4 h6 25. Nf3
Be6 26. Rc2 Kf6 27. b3 Rd8 28. Ke2 Bg4 29. h3 Bf5 30. Rc3 g5 31. g4 Re8+
32. Kd2 Be6 33. Re3 b6 34. Kc3 a5 35. Ne1 h5 36. f3 hxg4 37. fxg4 Bd7 38.
Kd3 Rxe3+ 39. Kxe3 Bc6 40. Nf3 Bb7 41. Ne1 Ke5 42. Nd3+ Ke6 43. Nf2 Bg2 44.
Ne4 f6 45. Nf2 Kd6 46. Ne4+ Ke5 47. Nf2 Bf1 48. Kf3 Kd4 49. Nd1 Bd3 50. Ne3
Bb1 51. Nd5 Be4+ 52. Ke2 Bxd5 53. cxd5 Kxd5 54. Kd3 b5 55. a3 c4+ 56. bxc4+
bxc4+ 57. Kc3 Kc5 58. Kc2 Kd4 59. Kd2 c3+ 60. Kc2 Kc4 61. Kc1 Kb3 62. Kb1
Kxa3 0-1

[Event "29th World Junior Girls"]
[Site "Chennai IND"]
[Date "2011.08.03"]
[Round "2"]
[White "Brunello,R"]
[Black "Hansen,Erl"]
[Result "0-1"]
[WhiteElo "2036"]
[BlackElo "1770"]
[EventDate "2011.08.02"]

1. e4 c5 2. c3 d5 3. exd5 Qxd5 4. d4 Nf6 5. Nf3 e6 6. Be2 Nc6 7. O-O Be7 8.
Be3 cxd4 9. cxd4 O-O 10. Nc3 Qd8 11. Qb3 b6 12. Rfd1 Bb7 13. Rac1 Rc8 14.
Ne5 Na5 15. Qa4 Nd5 16. Nxd5 Bxd5 17. b4 Nb7 18. Rxc8 Qxc8 19. Qxa7 Qc2 20.
Qa6 Nd6 21. Rc1 Qb2 22. Bd1 Nf5 23. Qd3 Nxe3 24. Qxe3 h6 25. Nd3 Qxa2 26.
Bf3 Bg5 27. Nf4 Bxf3 28. Qxf3 Qb2 29. Rd1 Qxb4 30. Nh5 Qa4 31. h4 Bxh4 32.
Qg4 g6 33. Re1 Bg5 34. Ng3 b5 35. Re5 b4 36. Qe4 b3 37. Ne2 Qb4 38. Qd3 b2
39. Nc3 Rc8 0-1

[Event "29th World Junior Girls"]
[Site "Chennai IND"]
[Date "2011.08.04"]
[Round "3"]
[White "Tokhirjanova,H"]
[Black "Girya,O"]
[Result "0-1"]
[WhiteElo "2119"]
[BlackElo "2371"]
[EventDate "2011.08.02"]

1. e4 c6 2. d4 d5 3. Nd2 dxe4 4. Nxe4 Bf5 5. Ng3 Bg6 6. Nf3 Nd7 7. Bd3 Bxd3
8. Qxd3 Ngf6 9. O-O e6 10. Re1 Be7 11. c4 O-O 12. b3 Qc7 13. Bb2 Rad8 14.
Qc2 Rfe8 15. a3 c5 16. Rad1 cxd4 17. Nxd4 a6 18. Qe2 Nf8 19. Nf3 Ng6 20.
Ne5 Rxd1 21. Qxd1 Rd8 22. Qe2 Nxe5 23. Bxe5 Qd7 24. Bb2 Qd3 25. Qxd3 Rxd3
26. b4 Nd7 27. Kf1 Nb6 28. Re4 Na4 29. Bc1 Kf8 30. Re3 Rd4 31. Re4 Rd3 32.
Re3 Rd7 33. Re1 Bf6 34. Ne4 Bd4 35. Be3 Ke7 36. c5 Be5 37. Bc1 f6 38. f4
Bc3 39. Nxc3 Nxc3 40. Bb2 Na4 41. Bc1 Rd4 42. Ke2 e5 43. fxe5 fxe5 44. Bd2
Ke6 0-1

[Event "29th World Junior Girls"]
[Site "Chennai IND"]
[Date "2011.08.04"]
[Round "3"]
[White "Padmini,R"]
[Black "Terao,J"]
[Result "1-0"]
[WhiteElo "2348"]
[BlackElo "2168"]
[EventDate "2011.08.02"]

1. e4 c5 2. Nf3 e6 3. d4 cxd4 4. Nxd4 a6 5. Nc3 Qc7 6. Bd3 Nf6 7. O-O Nc6
8. Nxc6 bxc6 9. Bg5 Be7 10. Qe2 d6 11. Kh1 e5 12. Bc4 O-O 13. Rad1 a5 14.
Rd3 Be6 15. Bb3 a4 16. Nxa4 c5 17. c4 Rxa4 18. Bxa4 Bxc4 19. Bb3 Ba6 20.
Qc2 Bxd3 21. Qxd3 Rb8 22. Qc4 Bd8 23. Bd2 Qe7 24. Rd1 Rb7 25. f3 h6 26. Bc3
Bc7 27. Qa6 Bb8 28. g3 Kh7 29. Kg2 Ra7 30. Qc4 g6 31. a4 Kg7 32. a5 Bc7 33.
a6 Nd7 34. Qb5 Nb8 35. Ra1 Qd7 36. Qc4 Bb6 37. Ba4 Qc8 38. Bb5 f5 39. Qd5
fxe4 40. fxe4 Bc7 41. Rf1 Qg8 42. Qxg8+ Kxg8 43. Bc4+ Kh8 44. Rf8+ 1-0

[Event "29th World Junior Girls"]
[Site "Chennai IND"]
[Date "2011.08.04"]
[Round "3"]
[White "Forestier,C"]
[Black "Bulmaga,I"]
[Result "0-1"]
[WhiteElo "2101"]
[BlackElo "2293"]
[EventDate "2011.08.02"]

1. d4 Nf6 2. c4 e6 3. Nf3 d5 4. Nc3 Be7 5. Bg5 h6 6. Bh4 O-O 7. e3 Ne4 8.
Bxe7 Qxe7 9. Rc1 c6 10. Bd3 Nxc3 11. Rxc3 dxc4 12. Bxc4 Nd7 13. O-O b6 14.
Bd3 c5 15. Bb1 Bb7 16. Qd3 f5 17. Qe2 e5 18. dxc5 Nxc5 19. Rfc1 Ba6 20. Qc2
Rac8 21. b4 e4 22. Nd4 Nd3 23. Qb3+ Kh8 24. Rxc8 Rxc8 25. Rxc8+ Bxc8 26.
Bxd3 exd3 27. Qxd3 Qxb4 28. Nf3 Qc5 29. Qd8+ Kh7 30. h3 Be6 31. a4 Qd5 32.
Qc7 Qd1+ 33. Kh2 Qxa4 34. Nd4 Qc4 35. Qxa7 b5 36. Qb6 Bd7 37. Qd6 Bc8 38.
Qe5 b4 39. Nb5 b3 40. Na3 Qc1 41. Qd6 Bb7 0-1

[Event "29th World Junior Girls"]
[Site "Chennai IND"]
[Date "2011.08.04"]
[Round "3"]
[White "Kazimova,N"]
[Black "Lasya,G"]
[Result "1-0"]
[WhiteElo "2292"]
[BlackElo "1898"]
[EventDate "2011.08.02"]

1. Nf3 Nf6 2. c4 d6 3. d4 g6 4. g3 Bg7 5. Bg2 O-O 6. O-O Nc6 7. Nc3 a6 8.
Re1 Rb8 9. Rb1 Na5 10. Qd3 b5 11. cxb5 axb5 12. b4 Nc4 13. d5 e6 14. dxe6
Bxe6 15. Nd4 Bd7 16. f4 d5 17. Nxd5 Nxd5 18. Bxd5 Be8 19. Nb3 c6 20. Bxc4
bxc4 21. Qxc4 Qb6+ 22. Nc5 Bd7 23. Kg2 Bf5 24. e4 Rfe8 25. Be3 Bc8 26. Nd7
Qb5 27. Qxb5 Rxb5 28. a4 Rb7 29. Nc5 Ra7 30. e5 Bf8 31. Ne4 Rae7 32. Nf6+
Kg7 33. Nxe8+ Rxe8 34. Bc5 Bxc5 35. bxc5 Be6 36. a5 Ra8 37. Ra1 Bc4 38.
Reb1 h5 39. Kf2 h4 40. a6 hxg3+ 41. hxg3 Bb5 42. a7 Kf8 43. Rd1 Ke7 44. Rd6
Ke8 45. g4 Ke7 46. f5 gxf5 47. gxf5 Ke8 48. f6 Kf8 49. Rd7 1-0

[Event "29th World Junior Girls"]
[Site "Chennai IND"]
[Date "2011.08.04"]
[Round "3"]
[White "Lkhamsuren,U"]
[Black "Bhakti,K"]
[Result "1/2-1/2"]
[WhiteElo "2163"]
[BlackElo "2317"]
[EventDate "2011.08.02"]

1. e4 e6 2. d4 d5 3. Nd2 c5 4. Ngf3 cxd4 5. Nxd4 Nf6 6. Bb5+ Bd7 7. exd5
Bxb5 8. Nxb5 Nxd5 9. O-O a6 10. Nd4 Bd6 11. N2f3 h6 12. Qe2 O-O 13. Rd1 Qe7
14. c4 Nf6 15. Ne5 Rd8 16. Bf4 Nfd7 17. Nxd7 Bxf4 18. Nf5 Qg5 19. Nb6 Ra7
20. Ng3 Nc6 21. Ne4 Qe7 22. c5 Qc7 23. g3 Be5 24. Rxd8+ Qxd8 25. Rd1 Bd4
26. Kg2 a5 27. Nc3 Ra6 28. Nb5 e5 29. Nxd4 exd4 30. a4 Nb4 31. Qe4 d3 32.
Re1 Qc7 33. Qf5 Qc6+ 34. Kg1 g6 35. Qe5 d2 36. Rd1 Nd3 37. Qd5 Qxd5 38.
Nxd5 Nxb2 39. Rxd2 Nxa4 40. Rc2 Kg7 41. Nf4 Rc6 42. Nd3 Rc7 43. Kf1 f6 44.
Ke1 Nb6 45. Ra2 Nc4 46. Kd1 Kf7 47. Ra4 Rd7 48. Rxc4 Rxd3+ 49. Ke2 Rd8 50.
Ra4 Ke6 51. Rxa5 Rd5 52. Rb5 1/2-1/2

[Event "29th World Junior Girls"]
[Site "Chennai IND"]
[Date "2011.08.04"]
[Round "3"]
[White "Romero Echeverria,A"]
[Black "Nakhbayeva,G"]
[Result "0-1"]
[WhiteElo "2071"]
[BlackElo "2222"]
[EventDate "2011.08.02"]

1. e4 e6 2. d4 d5 3. Nc3 Bb4 4. Nge2 Nf6 5. Bg5 dxe4 6. a3 Be7 7. Qd2 a6 8.
Bxf6 Bxf6 9. Nxe4 Be7 10. O-O-O O-O 11. h4 b5 12. g4 Bb7 13. Bg2 Nc6 14.
Kb1 b4 15. a4 Na5 16. Qd3 f5 17. d5 fxe4 18. Bxe4 Bxd5 19. Bxh7+ Kh8 20.
Be4 b3 21. Qc3 bxc2+ 22. Bxc2 Nc6 23. Qd3 Ba2+ 24. Ka1 Qxd3 25. Bxd3 Bd5
26. Rh2 Ne5 27. g5 Nxd3 28. Rxd3 Bd6 0-1

[Event "29th World Junior Girls"]
[Site "Chennai IND"]
[Date "2011.08.04"]
[Round "3"]
[White "Agrest,I"]
[Black "Krumova,A"]
[Result "1/2-1/2"]
[WhiteElo "2220"]
[BlackElo "1961"]
[EventDate "2011.08.02"]

1. e4 c5 2. Nf3 Nc6 3. d4 cxd4 4. Nxd4 g6 5. Nc3 Bg7 6. Be3 d6 7. Bc4 Nf6
8. f3 O-O 9. Qd2 Bd7 10. Bb3 Nxd4 11. Bxd4 b5 12. a4 bxa4 13. Bxa4 Nh5 14.
O-O Bxd4+ 15. Qxd4 Bxa4 16. Rxa4 Rb8 17. b3 Qb6 18. Qxb6 Rxb6 19. Rxa7 Rc6
20. Nd5 Rxc2 21. Rxe7 Ra8 22. g4 Raa2 23. Ne3 Re2 24. gxh5 Rxe3 25. Rf2
Ra1+ 26. Kg2 Rxb3 27. h6 Kf8 28. Rd7 Ke8 29. Rxd6 Rb5 30. Rfd2 Rg5+ 31. Kf2
Rh5 32. Kg3 Rxh6 33. Kf4 Kf8 34. Rd7 Ra8 35. Rb7 Kg8 36. Kg3 Rh5 37. Rdd7
Rf8 38. f4 Ra5 39. e5 Ra6 40. Kg4 Re6 41. Rbc7 Ree8 42. Kf3 Rc8 43. Rxf7
Rxc7 44. Rxc7 g5 45. Rc4 gxf4 46. Rxf4 Ra8 47. Ke4 Kg7 48. Kd5 Ra5+ 49. Ke6
Ra6+ 50. Kf5 Ra2 51. h4 Kf7 52. e6+ Ke7 53. Ke5 1/2-1/2

[Event "29th World Junior Girls"]
[Site "Chennai IND"]
[Date "2011.08.04"]
[Round "3"]
[White "Olsarova,K"]
[Black "Mahalakshmi,M"]
[Result "1/2-1/2"]
[WhiteElo "2282"]
[BlackElo "1901"]
[EventDate "2011.08.02"]

1. e4 e6 2. d4 d5 3. Nd2 Nf6 4. e5 Nfd7 5. Bd3 c5 6. c3 Nc6 7. Ne2 cxd4 8.
cxd4 f6 9. exf6 Nxf6 10. Nf3 Bd6 11. Bf4 Qa5+ 12. Qd2 Bb4 13. Nc3 O-O 14.
O-O a6 15. Rfe1 Bd7 16. Rac1 Rac8 17. a3 Be7 18. Bb1 Nh5 19. Bg5 Bd6 20.
Qd3 g6 21. Nh4 Qc7 22. Nxg6 Bxh2+ 23. Kh1 Rf7 24. Qh3 Nf4 25. Qxh2 Nxg6 26.
Qxc7 Rxc7 27. Be3 Na5 28. Ne2 Bb5 29. Rxc7 Rxc7 30. Nf4 Nxf4 31. Bxf4 Rc4
32. Be3 Rc7 33. g3 Be8 34. Bf4 Rc6 35. Bf5 Bf7 36. Bg4 Nb3 37. Be3 Rc2 38.
Rb1 Rc6 39. Kg2 h5 40. Bf3 Bg6 41. Rh1 Rc2 42. Bxh5 Bf5 43. Bf3 Rxb2 44. g4
Bg6 45. Rh3 Nd2 46. Bf4 Nxf3 47. Kxf3 b5 48. Be5 Kf7 49. Bc7 Ra2 50. Kg2
Be4+ 51. Kf1 Ra1+ 52. Ke2 Ra2+ 53. Ke1 Ra1+ 54. Ke2 1/2-1/2

[Event "29th World Junior Girls"]
[Site "Chennai IND"]
[Date "2011.08.04"]
[Round "3"]
[White "Michelle Catherina,P"]
[Black "Savina,A"]
[Result "1-0"]
[WhiteElo "2052"]
[BlackElo "2398"]
[EventDate "2011.08.02"]

1. e4 c5 2. Nf3 Nc6 3. d4 cxd4 4. Nxd4 Nf6 5. Nc3 d6 6. Bg5 e6 7. Qd2 Qb6
8. Nb3 a6 9. Bxf6 gxf6 10. O-O-O Bd7 11. f4 O-O-O 12. Be2 h5 13. Rhf1 Kb8
14. Kb1 Be7 15. Rf3 h4 16. Bf1 Na5 17. Nd5 exd5 18. Nxa5 Qc7 19. Rb3 b6 20.
exd5 Ka7 21. Rc3 Qb8 22. Qe2 1-0

[Event "29th World Junior Girls"]
[Site "Chennai IND"]
[Date "2011.08.04"]
[Round "3"]
[White "Edes,Z"]
[Black "Eric,J"]
[Result "0-1"]
[WhiteElo "2067"]
[BlackElo "2282"]
[EventDate "2011.08.02"]

1. d4 d5 2. c4 c6 3. Nc3 Nf6 4. cxd5 cxd5 5. Bf4 Nc6 6. e3 a6 7. Rc1 Bf5 8.
Qb3 Na5 9. Qa4+ Bd7 10. Qc2 Rc8 11. Bd3 e6 12. Nf3 b5 13. Qb1 Be7 14. O-O
O-O 15. Ne2 Bc6 16. a4 bxa4 17. Bxa6 Ra8 18. Bd3 Qb6 19. Rc2 Rfc8 20. Rfc1
Nb3 21. Rd1 Ne4 22. Ne5 Bb7 23. Bxe4 dxe4 24. Rxc8+ Rxc8 25. Nc3 a3 26. Qa2
Nc1 27. Rxc1 Qxb2 28. Qa1 Rxc3 29. Rb1 Qxa1 30. Rxa1 a2 31. h3 Bd5 0-1

[Event "29th World Junior Girls"]
[Site "Chennai IND"]
[Date "2011.08.04"]
[Round "3"]
[White "Kulon,K"]
[Black "Gevorgyan,M"]
[Result "1/2-1/2"]
[WhiteElo "2227"]
[BlackElo "2068"]
[EventDate "2011.08.02"]

1. d4 d5 2. c4 dxc4 3. e3 e6 4. Bxc4 Nf6 5. Nf3 c5 6. O-O a6 7. Qe2 Nc6 8.
Rd1 Qc7 9. a4 Be7 10. dxc5 Bxc5 11. Nc3 O-O 12. Bd2 h6 13. Rac1 Rd8 14. e4
Ng4 15. Be3 Nxe3 16. fxe3 Rxd1+ 17. Nxd1 Bd7 18. Bxe6 Bxe3+ 19. Nxe3 Bxe6
20. Nd5 Qa5 21. Qc4 Rd8 22. Rd1 Bxd5 23. exd5 Ne7 24. b4 Qb6+ 25. Kh1 Qd6
26. h3 Nxd5 27. b5 axb5 28. Qxb5 b6 29. a5 bxa5 30. Qxa5 Rd7 31. Qb5 Qe6
32. Ne5 Rd8 33. Nc4 Rd7 34. Ne5 Rd8 35. Nc6 Rc8 36. Qxd5 1/2-1/2

[Event "29th World Junior Girls"]
[Site "Chennai IND"]
[Date "2011.08.04"]
[Round "3"]
[White "Hoang Thi Nhu Y"]
[Black "Ivana Maria,F"]
[Result "1-0"]
[WhiteElo "2204"]
[BlackElo "2012"]
[EventDate "2011.08.02"]

1. c4 Nf6 2. Nc3 e6 3. e4 d5 4. e5 d4 5. exf6 dxc3 6. bxc3 Qxf6 7. d4 c5 8.
Nf3 cxd4 9. cxd4 Bb4+ 10. Bd2 Bxd2+ 11. Qxd2 O-O 12. Bd3 Nc6 13. Be4 Rd8
14. Bxc6 bxc6 15. c5 Rd5 16. O-O Ba6 17. Rfe1 Qd8 18. Rab1 Qc7 19. h4 Rad8
20. Qc3 Bb5 21. g3 a5 22. Kg2 a4 23. Rb4 Qa5 24. a3 Qa6 25. Qe3 Bc4 26. Ne5
Bb5 27. Nxf7 Kxf7 28. Qxe6+ Kf8 29. Re3 g6 30. Qf6+ Kg8 31. Re7 Bf1+ 32.
Kh2 Rf5 33. Qg7+ 1-0

[Event "29th World Junior Girls"]
[Site "Chennai IND"]
[Date "2011.08.04"]
[Round "3"]
[White "Dogodkina,J"]
[Black "Bala Kannamma,P"]
[Result "1-0"]
[WhiteElo "2193"]
[BlackElo "1931"]
[EventDate "2011.08.02"]

1. e4 c5 2. Nf3 e6 3. c3 d5 4. e5 f6 5. d4 cxd4 6. Nxd4 Nc6 7. Bb5 Bd7 8.
a4 Qc7 9. Bf4 fxe5 10. Bxc6 exf4 11. Qh5+ g6 12. Bxd7+ Kxd7 13. Qe2 Re8 14.
Nb5 Qb8 15. Nd2 Bg7 16. O-O a6 17. Na3 Nf6 18. Rad1 Ke7 19. Nf3 Kf8 20. c4
dxc4 21. Nxc4 Nd5 22. Ng5 Nc7 23. Rd7 h6 24. Qd3 Re7 25. Rd8+ Qxd8 26.
Qxd8+ Ne8 27. Ne4 b5 28. Ncd6 bxa4 29. Nc8 1-0

[Event "29th World Junior Girls"]
[Site "Chennai IND"]
[Date "2011.08.04"]
[Round "3"]
[White "Divyasri,C"]
[Black "Shweta,G"]
[Result "1-0"]
[WhiteElo "2123"]
[BlackElo "1922"]
[EventDate "2011.08.02"]

1. e4 c5 2. Nf3 d6 3. d4 cxd4 4. Nxd4 Nf6 5. Nc3 a6 6. Bg5 e6 7. f4 Qb6 8.
Qd3 Qxb2 9. Rb1 Qa3 10. Be2 Nbd7 11. O-O Qc5 12. Kh1 b5 13. Bf3 Rb8 14. e5
dxe5 15. Nc6 Rb6 16. Bxf6 Rxc6 17. Bxc6 Qxc6 18. Bxe5 Bb7 19. Qg3 f6 20.
Bd4 b4 21. Ne2 Qxc2 22. Rb2 Qe4 23. Rd2 Kf7 24. Ng1 Be7 25. Re1 Qf5 26. Nf3
Qa5 27. Bg1 Bd5 28. f5 e5 29. Red1 Bc6 30. Rxd7 Bxd7 31. Rxd7 Rd8 32. Rxe7+
Kxe7 33. Qxg7+ Ke8 34. Qxf6 Qxa2 35. Qxe5+ Kd7 36. Qd4+ Ke8 37. Qh8+ Kd7
38. Ne5+ Kc8 39. Qf6 Qa4 40. Qe6+ Kb7 41. Qb6+ Kc8 42. Qc5+ Kb7 43. Qa7+
Kc8 44. Qa8+ Kc7 45. Bb6+ Kxb6 46. Qxd8+ Kb7 47. Qd5+ Kc8 48. Qg8+ Kb7 49.
Qxh7+ 1-0

[Event "29th World Junior Girls"]
[Site "Chennai IND"]
[Date "2011.08.04"]
[Round "3"]
[White "Hema,P"]
[Black "Bharathi,R"]
[Result "1-0"]
[WhiteElo "1885"]
[BlackElo "2117"]
[EventDate "2011.08.02"]

1. d4 d5 2. Nf3 Nc6 3. g3 Bg4 4. Bg2 Qd7 5. c4 dxc4 6. d5 Bxf3 7. Bxf3 Ne5
8. Bg2 Nf6 9. Qd4 Qd6 10. O-O e6 11. Bf4 Nfd7 12. Nc3 c5 13. Qd1 Qa6 14.
Qc2 Bd6 15. Rfd1 exd5 16. Rxd5 Bc7 17. Rad1 Rd8 18. Bh3 Qc6 19. Qa4 b5 20.
Qxb5 1-0

[Event "29th World Junior Girls"]
[Site "Chennai IND"]
[Date "2011.08.04"]
[Round "3"]
[White "Deur,Z"]
[Black "Sahari,J"]
[Result "1-0"]
[WhiteElo "2116"]
[BlackElo "1911"]
[EventDate "2011.08.02"]

1. e4 c5 2. Nf3 d6 3. d4 cxd4 4. Nxd4 Nf6 5. Nc3 a6 6. Be3 e5 7. Nb3 Be7 8.
f3 Be6 9. Qd2 O-O 10. O-O-O Nbd7 11. g4 Qc7 12. g5 Nh5 13. Kb1 Rac8 14. Nd5
Bxd5 15. exd5 f6 16. gxf6 Bxf6 17. Bh3 Ra8 18. Rhg1 Kh8 19. Bf5 Rf7 20. Rg2
a5 21. Nc1 a4 22. Ne2 Nb6 23. b3 Bd8 24. Rc1 Qe7 25. Be6 Rf8 26. Rcg1 g6
27. Bh6 Ng7 28. Bg4 Qf7 29. Nc3 Bf6 30. Ne4 Qxd5 31. Nxd6 Rad8 32. Qxd5
Nxd5 33. Nxb7 Ra8 34. Bd2 Be7 35. Na5 h5 36. Bd7 Rxf3 37. Bc6 Rd8 38. Nb7
Nc3+ 39. Bxc3 Rxc3 40. Nxd8 Bxd8 41. Rxg6 Bb6 42. Bd5 Be3 43. Rxg7 1-0

[Event "29th World Junior Girls"]
[Site "Chennai IND"]
[Date "2011.08.04"]
[Round "3"]
[White "Tejaswini,S"]
[Black "Nandhidhaa,P"]
[Result "0-1"]
[WhiteElo "1690"]
[BlackElo "2101"]
[EventDate "2011.08.02"]

1. e4 c5 2. Nf3 d6 3. d4 cxd4 4. Nxd4 Nf6 5. Nc3 g6 6. Be3 Bg7 7. f3 Nc6 8.
Qd2 O-O 9. Bc4 Bd7 10. O-O-O Rb8 11. h4 b5 12. Bb3 Ne5 13. Kb1 a5 14. a3 b4
15. axb4 axb4 16. Nd5 Nxd5 17. Bxd5 Qa5 18. Qe2 Rfc8 19. h5 e6 20. Bb3 Ba4
21. f4 Ra8 22. fxe5 Bxb3 23. Nxb3 Qa2+ 24. Kc1 Qxb3 25. Kb1 Qa2+ 26. Kc1
Bxe5 27. Kd2 Rxc2+ 28. Kxc2 Qxb2+ 29. Kd3 Qc3+ 0-1

[Event "29th World Junior Girls"]
[Site "Chennai IND"]
[Date "2011.08.04"]
[Round "3"]
[White "Imeeva,A"]
[Black "Frayna,Janelle Mae"]
[Result "1-0"]
[WhiteElo "2094"]
[BlackElo "1875"]
[EventDate "2011.08.02"]

1. e4 c5 2. Nf3 g6 3. d4 cxd4 4. Nxd4 Nc6 5. Nc3 Bg7 6. Nb3 Nf6 7. Be2 O-O
8. O-O d6 9. Be3 Be6 10. f4 Qc8 11. h3 Rd8 12. Bf3 Bc4 13. Rf2 e5 14. Rd2
exf4 15. Bxf4 Ne5 16. Kh2 Nxf3+ 17. Qxf3 Nh5 18. Be3 Qe6 19. Nd4 Qe5+ 20.
Kg1 d5 21. exd5 Bxd5 22. Nxd5 Qxd5 23. Qxd5 Rxd5 24. c3 Re8 25. Bf2 Nf4 26.
Rad1 a6 27. Kf1 Rde5 28. Nf3 R5e7 29. Bc5 Re4 30. Rd7 b5 31. Ba3 Bf6 32.
Ra7 Be7 33. Bxe7 R8xe7 34. Rxa6 Re2 35. Re1 Rxe1+ 36. Nxe1 Nd5 37. Nc2 Re5
38. Kf2 Nf4 39. Nb4 g5 40. Kf3 Ne6 41. Ra5 h5 42. a4 Rf5+ 43. Ke3 Nf4 44.
g4 Ng2+ 45. Ke2 hxg4 46. hxg4 Re5+ 47. Kf2 Ne3 48. Rxb5 Nxg4+ 49. Kg3 f5
50. Rxe5 Nxe5 51. a5 f4+ 52. Kg2 Nc4 53. a6 Nb6 54. a7 Kf7 55. Nd5 Na8 56.
b4 Ke6 57. c4 Ke5 58. b5 Kd6 59. b6 Kc6 60. Kf3 Kb7 61. c5 Kc6 62. Ne7+ 1-0

[Event "29th World Junior Girls"]
[Site "Chennai IND"]
[Date "2011.08.04"]
[Round "3"]
[White "Hansen,Erl"]
[Black "Pon,N"]
[Result "0-1"]
[WhiteElo "1770"]
[BlackElo "2075"]
[EventDate "2011.08.02"]

1. d4 Nf6 2. Nf3 c5 3. d5 d6 4. c4 b5 5. cxb5 a6 6. b6 Nbd7 7. Nc3 g6 8. e4
Bg7 9. Bd3 O-O 10. O-O Nxb6 11. Qe2 a5 12. Be3 Rb8 13. Nd2 Ng4 14. Bg5 Ne5
15. Bb5 Na8 16. f4 Nd7 17. Nf3 Nc7 18. Bd3 Nb6 19. Rab1 Qd7 20. Nd1 c4 21.
Bc2 Ba6 22. Qe3 c3 23. Re1 Nc4 24. Qf2 cxb2 25. e5 Nxd5 26. Bb3 h6 27. Bh4
Nxf4 28. Qd4 Qg4 29. Bg3 dxe5 30. Qe4 Nd6 31. Qa4 Ne2+ 32. Kf2 Qxa4 33.
Bxa4 Nxg3 34. Kxg3 e4 35. Nd2 Bd3 0-1

[Event "29th World Junior Girls"]
[Site "Chennai IND"]
[Date "2011.08.04"]
[Round "3"]
[White "Heredia Serrano,C"]
[Black "Nivedhitha,J"]
[Result "1-0"]
[WhiteElo "2072"]
[BlackElo "1743"]
[EventDate "2011.08.02"]

1. d4 Nf6 2. Nf3 g6 3. Nc3 Bg7 4. e4 d6 5. h3 O-O 6. Be3 Nc6 7. Bb5 Nd7 8.
d5 Nce5 9. Nd4 Nb6 10. Be2 c5 11. Nb3 Nec4 12. Bc1 f5 13. a4 a5 14. exf5
Bxf5 15. O-O Bd7 16. Nd2 Nxd2 17. Bxd2 e6 18. dxe6 Bxe6 19. Bg4 Bxg4 20.
Qxg4 Qc8 21. b3 Qxg4 22. hxg4 Rad8 23. Rae1 Nc8 24. Nd5 b6 25. f4 Rfe8 26.
Kf2 Kf7 27. c4 Rxe1 28. Rxe1 Re8 29. Rxe8 Kxe8 30. g5 Kf7 31. Kf3 h6 32.
gxh6 Bxh6 33. Bc3 Bf8 34. g4 Be7 35. Ke4 Bh4 36. Be1 Na7 37. Ne3 Ke6 38.
f5+ gxf5+ 39. gxf5+ Kd7 40. Nd5 Nc6 41. Bc3 Ke8 42. Bf6 Bxf6 43. Nxf6+ Kf7
44. Nd5 Nd4 45. Nxb6 Nxb3 46. Nc8 Nd2+ 47. Kd5 Kf6 48. Nxd6 Nb1 49. Ne4+
Kxf5 50. Nxc5 Nc3+ 51. Kd4 Ne2+ 52. Ke3 Nc3 53. Kd3 Nd1 54. Kc2 Ne3+ 55.
Kb3 Ke5 56. Nb7 Kd4 57. Nxa5 Nf1 58. Kb4 Ne3 59. Nc6+ Kd3 60. Ne5+ Kd4 61.
Nf3+ Kd3 62. Ne5+ Kd4 63. Nc6+ Kd3 64. Ka5 1-0